|
|
|
|
| LEADER |
00000nam0a2200000 4500 |
| 001 |
139079 |
| 005 |
20231031141632.0 |
| 029 |
1 |
0 |
|a RU
|b 1864-88
|c МИ
|
| 035 |
|
|
|a (RuTPU)RU\TPU\book\150683
|
| 035 |
|
|
|a RU\TPU\book\150676
|
| 090 |
|
|
|a 139079
|
| 100 |
|
|
|a 20080602d1988 k a0rusy50 ca
|
| 101 |
0 |
|
|a rus
|
| 102 |
|
|
|a RU
|
| 105 |
|
|
|a a l 000zy
|
| 200 |
1 |
|
|a Колонки топливораздаточные. Методика поверки
|a Рекомендации. МИ 1864-88
|f СССР, Государственный комитет по стандартам (Госстандарт)
|
| 205 |
|
|
|a Изд. офиц.
|
| 210 |
|
|
|a Москва
|c Изд-во стандартов
|d 1988
|
| 215 |
|
|
|a 18 с.
|c табл.
|
| 225 |
1 |
|
|a Государственная система обеспечения единства измерений
|
| 229 |
|
|
|a Утверждены ВНИИ расходометрии 10.12.87
|a Взамен ГОСТ 8.045-80
|
| 610 |
1 |
|
|a МИ
|
| 610 |
1 |
|
|a рекомендации
|
| 610 |
1 |
|
|a колонки
|
| 610 |
1 |
|
|a топливо
|
| 610 |
1 |
|
|a поверки
|
| 610 |
1 |
|
|a единство измерений
|
| 675 |
|
|
|a 629 (083)
|v 3
|
| 712 |
0 |
1 |
|a СССР
|b Государственный комитет по стандартам (Госстандарт)
|c (1978-1989)
|2 stltpush
|3 (RuTPU)RU\TPU\col\12454
|
| 801 |
|
1 |
|a RU
|b 63413507
|c 20080530
|g PSBO
|
| 801 |
|
2 |
|a RU
|b 63413507
|c 20221207
|g PSBO
|
| 942 |
|
|
|c BK
|